Statystyki dla Poznaj model samolotu

Kliknij tutaj aby rozwiązać quiz!

Ogólne statystyki

  • Ten quiz został rozwiązany 71 razy
  • Średni wynik to 10 z 16

Statystyki odpowiedzi

Odpowiedź% Poprawnych
Boeing 717
96%
Boeing 727
96%
Boeing 737
96%
Boeing 747
96%
Boeing 757
96%
Boeing 767
96%
Boeing 777
96%
Boeing 787
96%
Airbus A320
73%
Airbus A380
73%
Cessna 152
51%
Antonov An-225 Mrija
24%
Boeing C-17 Globemaster III
20%
Antonov An-124 Rusłan
15%
Boeing YC-14
4%
Airbus A300-600ST
2%

Rozkład punktacji

Percentyl według liczby udzielonych odpowiedzi

Procent ludzi z każdym wynikiem

Twoja historia wyników

Nie rozwiązałeś tego quizu